Nové stavivá z VSŽ Keramiky

Podrobná bibliografia
Hlavní autori: Lohay, Tibor (Author), -c- (Author)
Médium: Článok
Jazyk:Slovak
Témy:
Zdroj: 1. Oceľ východu 1. Roč. 34, č. 3(1994), dát. 0119, s. 1
LEADER 00834nab#a2200313#ar4500
001 000028513
003 SVKKK
005 00000000000000.0
008 c xo e sloo
FMT
038 |a SVKKK 
040 |a SVKKK  |b slo  |e AACR2 
041 0 |a slo 
044 |a xo  |c SK 
080 |a 669.  |2 1981 
100 1 |a Lohay, Tibor  |4 aut 
245 1 0 |a Nové stavivá z VSŽ Keramiky  |c Lohay Tibor, -c- 
650 0 4 |a VSŽ Keramika s.r.o. Košice 
650 0 4 |a materiály žiaruvzdorné  |x proces výroby  |x zjednodušenie  |x výsledky 
650 0 4 |a stavivá vysokohlinité nevypaľované  |x rozhovory 
700 0 |a -c-  |4 aut 
773 0 |t Oceľ východu  |g Roč. 34, č. 3(1994), dát. 0119, s. 1 
957 |a 5403 
958 |a NP 
974 |d 940309  |a Šá/7 
992 |a RBX 
BAS
852 |a SVKKK  |b BIB 
998 |a HUT